Zgadnij państwa w Układzie Słonecznym - Statystyki

Ogólne statystyki
  • Ten quiz został rozwiązany 428 razy
  • Średni wynik to 4 z 10
Odpowiedzi na mapie
Odpowiedzi zakodowano w zielono-czerwonej skali na mapie do tego quizu, zgodnie z poniższymi procentami.
 
Statystyki odpowiedzi
Państwo % Poprawnych
Japonia
68%
Palau
54%
Saint Vincent i Grenadyny
54%
Tuvalu
45%
Nauru
40%
Bangladesz
39%
Wyspy Salomona
25%
Pakistan
17%
Korea Południowa
15%
Nepal
5%
Nie znaleziono quizów pasujących do podanych kryteriów
Rozkład punktacji
Procent ludzi z każdym wynikiem
Percentyl według liczby udzielonych odpowiedzi
Twoja historia wyników
Nie rozwiązałeś tego quizu